College Football Champions - Statistics

General Stats
  • This quiz has been taken 53 times
  • The average score is 35 of 44
Answer Stats
Hint Answer % Correct
1920, 1921, 1922 Cal
100%
1925, 1926, 1930, 1961, 1964, 1965, 1973, 1978, 1979, 1992, 2009, 2011, 2012, 2015, 2017, 2020 Alabama
98%
1980, 2021 Georgia
98%
1908, 1958, 2003, 2007, 2019 LSU
98%
1950, 1955, 1956, 1974, 1975, 1985, 2000 Oklahoma
98%
1901, 1902, 1903, 1904, 1918, 1923, 1933, 1948, 1997 Michigan
95%
1942, 1954, 1957, 1961, 1968, 1970, 2002, 2014 Ohio State
95%
1981, 2016, 2018 Clemson
93%
1996, 2006, 2008 Florida
93%
1963, 1969, 1970, 2005 Texas
93%
1931, 1932, 1962, 1967, 1972, 1974, 1978, 2003, 2004 USC
93%
1957, 2010 Auburn
91%
1895, 1897, 1904, 1908 Penn
91%
1970, 1971, 1994, 1995, 1997 Nebraska
89%
1919, 1924, 1929, 1930, 1943, 1946, 1947, 1949, 1964, 1966, 1973, 1977, 1988 Notre Dame
89%
1991 Washington
89%
1993, 1999, 2013 Florida State
86%
1983, 1987. 1989, 1991, 2001 Miami (FL)
86%
1984 BYU
82%
1911, 1912, 1982, 1986 Penn State
82%
1951, 1998 Tennessee
82%
1954 UCLA
82%
1990 Colorado
80%
1952, 1965, 1966 Michigan State
80%
1964 Arkansas
77%
1875, 1890, 1898, 1899, 1910, 1912, 1913, 1919 Harvard
77%
1934, 1935, 1936, 1940, 1941, 1960 Minnesota
77%
1910, 1916, 1918, 1937, 1976 Pitt
77%
1869, 1870, 1872, 1873, 1878, 1879, 1880, 1885, 1889, 1893, 1896, 1903, 1906, 1911, 1922 Princeton
77%
1874, 1876, 1877, 1880, 1881, 1882, 1883, 1884, 1886, 1887, 1888, 1891, 1892, 1894, 1900, 1907, 1909, 1927 Yale
77%
1958 Iowa
75%
1917, 1928, 1990 Georgia Tech
73%
1869 Rutgers
73%
1926 Stanford
73%
1919, 1923, 1927 Illinois
70%
1919, 1939 Texas A&M
70%
1960 Ole Miss
64%
1959 Syracuse
64%
1914, 1944, 1945 Army
61%
1953 Maryland
61%
1915, 1921, 1922 Cornell
57%
1938 TCU
57%
1905 Chicago
34%
1896 Lafayette
25%
No matching quizzes found
Score Distribution
Percent of People with Each Score
Percentile by Number Answered
Your Score History
You have not taken this quiz